| 000 | 00704nam a2200241 i 4500 | ||
|---|---|---|---|
| 001 | 67646 | ||
| 003 | ES-MaACL | ||
| 005 | 20251014063128.0 | ||
| 007 | t| | ||
| 008 | 040609s2003 sp ||||0| spa d | ||
| 020 | _a84-7517-753-0 | ||
| 040 |
_aM-BN _bspa _cM-BN |
||
| 080 | _a821.134.2-14"19" | ||
| 100 | 0 |
_aElguero Olavide, Ignacio, _d1964- _946947 |
|
| 245 | 1 | 3 |
_aEl dormitorio ajeno _b: (38 poemas de amor) / _cIgnacio Elguero. |
| 250 | _a1ª ed. | ||
| 260 |
_aMadrid : _bHiperión, _c2003. |
||
| 300 |
_a62 p ; _c20 cm. |
||
| 490 | 1 |
_aPoesía Hiperión ; _v448 |
|
| 830 | 0 |
_aPoesía Hiperión ; _v448 _9177326 |
|
| 852 |
_aES-MaACL _jL-27904 _bR.133327 |
||
| 999 |
_c67646 _d67646 |
||